Letní msta /

Hlavní autor: Stine, R. L., 1943-
Další autoři: Richterová, Daniela
Jazyk: Čeština
Vydáno: Praha : Kredit, 1993
Vydání: 1. vyd.
Edice: Buldok. Stopy hrůzy (Kredit)
Externí odkaz: Digitalizovaný dokument
Fyzický popis: 155 s.
Knihy
Uloženo v:
LEADER 01137nam a2200337 a 4500
001 000005763
003 CZ BrMZK
005 20090814094629.0
007 ta
008 930317s1993 xr f cze d
015 |a cnb000072893 
020 |a 80-85279-71-1 
040 |a BOA001  |b cze 
041 1 |a cze  |h eng 
080 |a 82-312.5=850  |2 MRF 
100 1 |a Stine, R. L.,  |d 1943-  |7 jn20000810286  |4 aut 
245 1 0 |a Letní msta /  |c R.L. Stine ; z anglického originálu ... přeložila Daniela Richterová 
250 |a 1. vyd. 
260 |a Praha :  |b Kredit,  |c 1993 
300 |a 155 s. 
490 1 |a Buldok. Stopy hrůzy ;  |v 13 
500 |a Ze seriálu Ulice strachu 
700 1 |a Richterová, Daniela  |7 ola2006345322  |4 trl 
740 0 2 |a Ulice strachu 
765 0 |t Lights out  |9 Česky 
830 0 |a Buldok.  |p Stopy hrůzy (Kredit)  |0 s 
856 4 1 |u http://www.digitalniknihovna.cz/mzk/uuid/uuid:6f1fc640-ed65-11e3-a2c6-005056827e51  |y Digitalizovaný dokument  |x NDK 
910 |a BOA001  |b 1-0986.332 
962 |a 82-31 
990 |a BK 
996 6 |b 2619411303  |c 1-0986.332  |l MZK  |r Sklad / do 1 hodiny  |n 1  |p p.v.  |w 000005763  |u 000010  |a 1  |e BOA001  |j MZK50  |s P